Получение продуктов окисления фенантрена методом озонолиза; Известия Томского политехнического института [Известия ТПИ]; Т. 112

Dades bibliogràfiques
Parent link:Известия Томского политехнического института [Известия ТПИ]/ Томский политехнический институт (ТПИ).— , 1944-1976
Т. 112.— 1963.— [С. 23-27]
Autor principal: Кулев Л. П. Леонид Петрович
Altres autors: Сальский В. А., Шишкин Г. В.
Sumari:Заглавие с титульного листа
Электронная версия печатной публикации
Idioma:rus
Publicat: 1963
Matèries:
Accés en línia:Черно-белая версия для предварительного просмотра
Цветная версия без потери качества
Format: MixedMaterials Electrònic Capítol de llibre
KOHA link:https://koha.lib.tpu.ru/cgi-bin/koha/opac-detail.pl?biblionumber=202664

MARC

LEADER 00000nla2a2200000 4500
001 202664
005 20231031185420.0
035 |a (RuTPU)RU\TPU\book\220851 
035 |a RU\TPU\book\220849 
090 |a 202664 
100 |a 20111017d1963 k y0rusy50 ca 
101 0 |a rus 
102 |a RU 
135 |a drnn ---uucaa 
181 0 |a i  
182 0 |a b 
200 1 |a Получение продуктов окисления фенантрена методом озонолиза  |b Электронный ресурс  |f Л. П. Кулев, В. А. Сальский, Г. В. Шишкин 
203 |a Текст  |c электронный 
215 |a 2 файла (252 Кб, 5.2 Мб) 
230 |a Электронные текстовые данные (2 файла : 252 Кб, 5.2 Мб) 
300 |a Заглавие с титульного листа 
300 |a Электронная версия печатной публикации 
320 |a [Библиогр.: с. 27 (18 назв.)] 
337 |a Adobe Reader 
461 1 |0 (RuTPU)RU\TPU\book\200995  |t Известия Томского политехнического института [Известия ТПИ]  |f Томский политехнический институт (ТПИ)  |d 1944-1976 
463 1 |0 (RuTPU)RU\TPU\book\220846  |t Т. 112  |v [С. 23-27]  |d 1963  |p 174 с. 
610 1 |a электронный ресурс 
610 1 |a труды учёных ТПУ 
700 1 |a Кулев  |b Л. П.  |c российский химик  |c профессор Томского политехнического института  |f 1900-1962  |g Леонид Петрович  |2 stltpush  |3 (RuTPU)RU\TPU\pers\12449 
701 1 |a Сальский  |b В. А. 
701 1 |a Шишкин  |b Г. В. 
801 1 |a RU  |b 63413507  |c 20090320  |g PSBO 
801 2 |a RU  |b 63413507  |c 20111108  |g PSBO 
856 4 |u http://www.lib.tpu.ru/fulltext/v/Bulletin_TPU/1963/v112/05_bw.pdf  |z Черно-белая версия для предварительного просмотра 
856 4 |u http://www.lib.tpu.ru/fulltext/v/Bulletin_TPU/1963/v112/05_full.pdf  |z Цветная версия без потери качества 
942 |c CF